Nové kolesové nakladače W170B - W170B TC - W190B - W270B

Bibliographic Details
Format: Article
Language:Slovak

MARC

LEADER 00000nab a2200000ua 4500
001 vtls010774760
003 SK-MaSNL
005 20260225182432.0
008 230121s2007 xo |||||||||||||||||slo|
035 |a (urnnbn)urn:nbn:sk:snk:ar-a04gfw 
035 |a (uuid)b7f545ea-438d-40db-9b52-3b9f55c02a14 
035 |a urn:nbn:sk:snk-ab4rsn 
040 |a SNKBUCL  |b slo  |c SNKBUCL  |e AACR2 
041 0 |a slo 
044 |a xo  |c SK 
245 0 0 |a Nové kolesové nakladače  |b W170B - W170B TC - W190B - W270B 
773 0 |t Magazín stavebné stroje a mechanizácia  |g Roč. 2, č. 4 (2007), s. 6-7 
954 |a odborná, vedecká literatúra pôvodná (slovenská)  |2 lita 
958 |a OND 
958 |a EUIPO 
958 |a article3 
999 |c 1859664  |d 1861594